000 00489nam a2200169Ia 4500
008 260520s2024 xx 000 0 und d
020 _a978-81-19812-36-3
041 _amar
082 _a158.1/ADA
100 _aअॅडम्स, जॉ मॅ
245 _aतुम्हीही करू शकता
250 _a1st ed
260 _aपुणे
_bमधुश्री प्रकाशन,
_c2024
300 _a236p.
500 _aCat No: 15044
650 _aPSYCHOLOGY
999 _c1221851
_d1221851